| Tag |
First Indicator |
Second Indicator |
Subfields |
| LEADER |
00000cam a22000004a 4500 |
| 001 |
in00002017528 |
| 005 |
20151031151728.0 |
| 008 |
980612s1982 ru a 000 1 ruso |
| 010 |
|
|
|a 98160260
|
| 035 |
|
|
|a (OCoLC)ocm15286434
|
| 040 |
|
|
|a DLC
|c DLC
|d TXA
|d UtOrBLW
|
| 041 |
1 |
|
|a rus
|h bel
|
| 042 |
|
|
|a pcc
|
| 043 |
|
|
|a e-ur---
|
| 049 |
|
|
|a TXAM
|
| 050 |
0 |
0 |
|a PG2835.2.K55
|b V69 1982
|
| 100 |
1 |
|
|a Khomchanka, Vasilʹ Fi︠o︡daravich,
|d 1919-
|
| 245 |
1 |
0 |
|a Vozvrashchenie v ogonʹ :
|b roman /
|c Vasilʹ Khomchenko ; [perevod s belorusskogo A. Ostrovskogo i G. Ostrovskoĭ].
|
| 264 |
|
1 |
|a Moskva :
|b Voen. izd-vo Ministerstva oborony SSSR,
|c 1982.
|
| 300 |
|
|
|a 284 pages :
|b illustrations ;
|c 21 cm.
|
| 336 |
|
|
|a text
|b txt
|2 rdacontent
|
| 337 |
|
|
|a unmediated
|b n
|2 rdamedia
|
| 338 |
|
|
|a volume
|b nc
|2 rdacarrier
|
| 650 |
|
0 |
|a World War, 1939-1945
|z Soviet Union
|v Fiction.
|
| 948 |
|
|
|a cataloged
|b h
|c 2004/12/10
|d c
|e tchubaryan
|f 10:33:59 am
|
| 994 |
|
|
|a E0
|b TXA
|
| 999 |
|
|
|a MARS
|
| 999 |
f |
f |
|s 268ef611-cafc-3cd1-a9f2-cffd9cf7a825
|i 8ee029a5-104d-3ca9-9ee1-de18495b2ca7
|t 0
|
| 952 |
f |
f |
|p ric
|a Texas A&M University
|b Rellis Campus
|c Joint Library Facility
|d Remote Storage
|t 0
|e PG2835.2.K55 V69 1982
|h Library of Congress classification
|i unmediated -- volume
|m A14831633998
|
| 998 |
f |
f |
|a PG2835.2.K55 V69 1982
|t 0
|l Remote Storage
|